عرض عادي
عرض مارك
- Glendenning, Norman K.
مدخل إسم شخص
001 - رقم الضبط
- حقل الضبط: 40638
003 - معرف رقم الضبط
- حقل الضبط: OSt
005 - تاريخ ووقت أخر عملية
- حقل الضبط: 20131118200334.0
008 - عناصر بيانات ثابتة الطول
- حقل تحكم ثابت الطول: 131118|||a|||||| | ||| d
040 ## - مصدر الفهرسة
- هيئة الفهرسة الأصلية: OSt
- وكالة الكتابة: OSt
100 ## - مدخل -- أسم شخص
- إسم شخص: Glendenning, Norman K.
670 ## - بيانات المصدر موجوده
- الاستشهاد بالمصدر: Work cat.: (OSt)0: Glendenning, Norman K., After the beginning :, c2004.
